Commodity fact sheet. Burley tobacco.

Bibliographic Details
Previous Title:CFSA commodity fact sheet. Burley tobacco
Corporate Author: United States. Farm Service Agency
Format: Government Document Serial
Language:English
Published: Washington, DC : U.S. Dept. of Agriculture, Farm Service Agency, 1996-
Subjects:

MARC

Tag First Indicator Second Indicator Subfields
LEADER 00000cas a2200000 a 4500
001 in00001476549
005 20151021062107.0
008 960722c19969999dcuar s f0 0eng d
010 |a sn 96028096  
035 |a (OCoLC)35120808 
035 |9 AJG0845AM 
037 |b USDA, Farm Service Agency, 14th & Independence Ave., SW, Washington, DC 20250 
040 |a GPO  |c GPO  |d TXA  |d UtOrBLW 
042 |a lcd 
043 |a n-us--- 
049 |a TXAO 
074 |a 0068-E-01 
086 0 |a A 112.15:B 92/ 
245 0 0 |a Commodity fact sheet.  |p Burley tobacco. 
246 3 0 |a Burley tobacco 
264 1 |a Washington, DC :  |b U.S. Dept. of Agriculture, Farm Service Agency,  |c 1996- 
300 |a volumes ;  |c 28 cm. 
310 |a Annual 
336 |a text  |b txt  |2 rdacontent 
337 |a unmediated  |b n  |2 rdamedia 
338 |a volume  |b nc  |2 rdacarrier 
362 0 |a 1996- 
500 |a Title from caption. 
500 |a "Summary of ... support program and related information." 
650 0 |a Burley tobacco  |z United States  |x Statistics. 
650 0 |a Agricultural price supports  |z United States  |x Statistics. 
710 1 |a United States.  |b Farm Service Agency. 
780 0 0 |t CFSA commodity fact sheet. Burley tobacco  |w (DLC)sn 95027642  |w (OCoLC)32965180 
999 |a MARS 
999 f f |s af0f7b4e-547b-3895-b53a-ad9873a8b19a  |i 2eed5a72-8362-323f-9b22-2ce2cfc76a0f  |t 0 
952 f f |p normal  |a Texas A&M University  |b College Station  |c Sterling C. Evans Library  |d Evans: US Documents (Annex 5th floor)  |t 0  |e A 112.15:B 92/  |h Superintendent of Documents classification  |i unmediated -- volume  |l 1996-1997, 2000  |m A14821935500 
998 f f |a A 112.15:B 92/  |s 2000  |t 0  |l Evans: US Documents (Annex 5th floor)